Racines grecques en français - Statistiques

Statistiques générales
  • Ce quiz a été pris 197 fois
    163 depuis la dernière actualisation
  • Le résultat moyen est 9 sur 20
Statistiques - réponses
Racine grecque
Exemple d'utilisation
Signification en français
% Correct
mon-, mono- Mono-sourcil Seul
92%
pyrrho-, pyrro-, pyr- Pyrotechnique Feu | Roux
85%
lacrim- Lacrymogène Larme
66%
-logue, -logie, -lecte, -lex Psychologie Parole | Mot | Expression | Discours | Science
62%
-phil(o)- Philanthrope Amour | Aimer
61%
ciné-, kiné- Cinétique Bouger | Mouvement
61%
kilo- Kilogramme Mille
59%
pan- Pandémie Tout
57%
algé-, algo-, -algie Nostalgie Douleur
51%
hépar-, hépat- Hépatite Foie
49%
arithm- Arithmétique Nombre
46%
call-, calli- Calligraphie Beau | Beauté
45%
allo- Allogène Autre
30%
gymn(o)- Gymnastique Nu
28%
gala-, galact- Galaxie Lait
25%
-nome, -nomie Autonomie Loi
22%
éco-, oiko-, -écie, -èque Economie Maison | Habitation
21%
basil- Basile Roi
20%
-machie, -maque Tauromachie Combat
19%
-rama Panorama Voir | Spectacle
16%
Aucun quiz correspondant
Distribution des résultats
% des personnes avec chaque résultat
Percentile par nombre de réponses
Votre historique - résultats
Vous n’avez pas pris ce quiz depuis la dernière actualisation